Reforma universitaria y contienda polt̕ica Una experiencia de cambio /

Detalles Bibliográficos
Autor principal: Goyes Moreno, Isabel
Autor Corporativo: Universidad de Nariǫ
Formato: Libro
Lenguaje:español
Publicado: Colombia : Universidad de Nariǫ, 2004.
Materias:
Acceso en línea:Acceso restringido

MARC

LEADER 00000nam a2200000 a 4500
005 20110502115942.0
008 110429s2004 sp 000 0 spa d
020 |a 9789589794050 
035 |a 5389 
040 |a BUS  |d vLex 
090 |c 2087  |d 2087 
100 1 |a Goyes Moreno, Isabel. 
245 1 0 |a Reforma universitaria y contienda polt̕ica  |h [Recurso electrn̤ico] :  |b Una experiencia de cambio /  |c Isabel Goyes Moreno. 
256 |a Servicio en ln̕ea. 
260 |a Colombia :  |b Universidad de Nariǫ,  |c 2004. 
506 1 |a Contenido solo disponible en los productos indicados  |d vLex Global  |d vLex Global (Academic Edition, excluding Law Schools)  |d vLex Global (U.S. Academic Edition, Law Schools)  |d vLex Global (U.S. Academic Edition, excluding Law Schools)  |d vLex Global (Academic Edition, Law Schools) 
650 0 4 |a Universidades. 
650 0 4 |a Universidades  |z Colombia. 
650 0 4 |a Enseąnza  |x Reforma. 
710 2 |a Universidad de Nariǫ. 
740 0 |a vLex Libros (Servicio en ln̕ea) 
856 |u http://vlex.com/source/reforma-universitaria-contienda-politica-5389  |z Acceso restringido 
942 |c BOOK